| 000 | 00470nam a2200157 a 4500 | ||
|---|---|---|---|
| 005 | 20140412111341.0 | ||
| 008 | 031016s19uu xx 00 eng d | ||
| 020 | _a0-671-63238-8 | ||
| 050 |
_aER _bDi61 1987 |
||
| 100 | _aSmith, Kathie Billingsle | ||
| 245 |
_aDinosaurs / _cwritten by Kathie Billingslea Smit ; illustrated by James Seward. |
||
| 260 |
_aNew York : _bA Little Simon Book, _c1987. |
||
| 300 | _a[22] p. ; ill. | ||
| 650 | _aDinosaurs | ||
| 999 |
_c105126 _d105126 |
||